00490nam a2200181Ia 4500008004100000020001800041050002100059050001400080245003900094245005300133260001600186260002500202260000900227300001600236300001100252500002000263650002500283180523s9999 xx 000 0 und d a81-7391-677-2 aMAIN LB 2806.15  b.A38 2004 0aAdvanced curriculum construction / 0cedited by Janardan Prasad, Viay Kumari Kasushik. aNew Delhi : bKanishka Publishers, c2004 a359 pages : c22 cm. aIncludes index. aCurriculum planning.